Major operations of KGB / (Record no. 93581)

MARC details
000 -LEADER
fixed length control field 00668nam a22001937a 4500
005 - DATE AND TIME OF LATEST TRANSACTION
control field 20230703163631.0
010 ## - LCCN (DPL NO)
LC control number ENG-113037 ENG-137250
020 ## - INTERNATIONAL STANDARD BOOK NUMBER
International Standard Book Number 9789385160097
Terms of availability 695.00
035 ## - SYSTEM CONTROL NUMBER
System control number EN-96569 EN-120782
037 ## - SOURCE OF ACQUISITION
Source of stock number/acquisition DBAB/PUB
082 ## - DEWEY DECIMAL CLASSIFICATION NUMBER
Classification number 327.1247
245 ## - TITLE STATEMENT
Title Major operations of KGB /
Statement of responsibility, etc edited by Sunjoy K Singh
260 ## - PUBLICATION, DISTRIBUTION, ETC. (IMPRINT)
Place of publication, distribution, etc New Delhi
Name of publisher, distributor, etc Lenin Media
Date of publication, distribution, etc 2015
270 ## - ADDRESS
Address 204-205, IInd Floor, Durga Complex Centre Shoping Complex Mayur Vihar, Phase-II,
City New Delhi
Postal code 110091
300 ## - PHYSICAL DESCRIPTION
Extent viii,260p.
Dimensions 22cm(Hb)
500 ## - GENERAL NOTE
General note Includes bibliographical references and index
700 ## - ADDED ENTRY--PERSONAL NAME
Personal name Sunjoy K.Singh
942 ## - ADDED ENTRY ELEMENTS (KOHA)
Source of classification or shelving scheme Dewey Decimal Classification
Item type English Books
Call number suffix MAJ
Classification part 327.1247
Holdings
Withdrawn status Lost status Not for loan Collection code Home library Current library Date acquired Source of acquisition Cost, normal purchase price Full call number Barcode Copy number Cost, replacement price Koha item type
      Non-fiction Bawana Bawana 03/07/2023 DBAD/PUB 695.00 327.1247 MAJ EN-120782 1 695.00 English Books
    Not For Loan Non-fiction D.B.Act.Division D.B.Act.Division 14/05/2015 DBAD/PUB 695.00 327.1247 MAJ EN-96569 1 695.00 English Books

© Delhi Public Library
Hit Counter
free hit counter